| 000 | 01070nam0a22002651 4500 | ||
|---|---|---|---|
| 001 | rc\4205067 | ||
| 005 | 20260407020944.0 | ||
| 035 | _a(NLR Aleph) 007905153 | ||
| 090 |
_a8062460 _c8062460 |
||
| 100 | _a20130415d1947 |||y0rusy50 ca | ||
| 101 | 0 | _arus | |
| 102 | _aRU | ||
| 105 | _ac z ||||| | ||
| 200 | 1 |
_a25 лет Радиевого института _e[Сборник статей] _fАкад. наук СССР. Отд-ние хим. наук |
|
| 210 |
_aМосква _aЛенинград _c2-я тип. Изд-ва Акад. наук СССР в М. _d1947 |
||
| 215 |
_a52 с., 1 л. портр. _d20 |
||
| 606 |
_aРадиоактивность _2psbo |
||
| 606 |
_aРадиевые институты _xНаучно-исследовательская работа _2psbo |
||
| 606 |
_aРадий _2psbo |
||
| 710 | 0 | 2 |
_aРадиевый институт им. В. Г. Хлопина _cЛенинград _3RU\NLR\AUTH\8810005833 _9509085 |
| 801 | 0 |
_aRU _bNLR _gpsbo |
|
| 801 | 1 |
_aRU _bELAR _2rusmarc |
|
| 852 |
_aNLR _jФз02 Г-4/126 |
||
| 942 | _cBOOK | ||
| 980 | _aNB | ||